• 首页
  • 本馆介绍
  • 公告通知
  • 最新文献
  • 馆藏检索
  • 电子资源
  • 读者导购
  • 参考咨询
  • 我的图书馆
  • 登录
  • 详细信息显示
  • 放入我的书架
  • 预约/预借图书
  • 作者相关作品
  • 分类相关作品
  • 丛书相关作品
  • 出版社相关作品

书目信息

  • 表格格式
  • 工作单格式
  • 卡片格式
题名:
大学生劳动教育理论与实践教程
    
 
作者: ;《大学生劳动教育理论与实践教程》编写组 编
分册:  
出版信息: 上海   同济大学出版社  2020.7
页数: 255页
开本: 26cm
丛书名:
单 册:
中图分类: G40-015
科图分类:
主题词: 大学生--da xue sheng--劳动教育--高等学校--教材
电子资源:
ISBN: 978-7-5608-9376-1
000 01328nam0 2200229 450
001 2161468742
005 20210930094248.0
010    @a978-7-5608-9376-1@dCNY45.00
100    @a20200728d2020 em y0chiy0110 ea
101 0  @achi
102    @aCN@b310000
105    @ay z 000yy
106    @ar
200 1  @a大学生劳动教育理论与实践教程@Ada xue sheng lao dong jiao yu li lun yu shi jian jiao cheng@f《大学生劳动教育理论与实践教程》编写组编
210    @a上海@c同济大学出版社@d2020.7
215    @a255页@d26cm
330    @a本书共分八章,主要内容为立足时代,感悟劳动精神;奋斗一线,弘扬劳模精神;精雕细琢,传承工匠精神;学有所用,培育创新精神;快乐奉献,投身志愿服务;知行合一,勤于劳动实践;严于律己,恪守职业道德;防患未然,确保劳动安全。本书的编写重在遵循教育规律,使学生能够理解和形成马克思主义劳动观,牢固树立劳动最光荣、劳动最崇高、劳动最伟大、劳动最美丽的观念;体会劳动创造美好生活,体认劳动不分贵贱,热爱劳动,尊重普通劳动者,培养勤俭、奋斗、创新、奉献的劳动精神。本书可作为高等院校劳动教育的教材,也可作为相关教育工作者的参考用书。
606 0  @a大学生@Ada xue sheng@x劳动教育@x高等学校@j教材
690    @aG40-015@v5
711 02 @a《大学生劳动教育理论与实践教程》编写组@Ada xue sheng lao dong jiao yu li lun yu shi jian jiao cheng bian xie zu@4编
801  0 @aCN@b百万庄@c20210929
905    @b1302962-65@dG40-015@e1237@f4
    
    大学生劳动教育理论与实践教程/《大学生劳动教育理论与实践教程》编写组编.-上海:同济大学出版社,2020.7
    255页;26cm
    
    
    ISBN 978-7-5608-9376-1:CNY45.00
    本书共分八章,主要内容为立足时代,感悟劳动精神;奋斗一线,弘扬劳模精神;精雕细琢,传承工匠精神;学有所用,培育创新精神;快乐奉献,投身志愿服务;知行合一,勤于劳动实践;严于律己,恪守职业道德;防患未然,确保劳动安全。本书的编写重在遵循教育规律,使学生能够理解和形成马克思主义劳动观,牢固树立劳动最光荣、劳动最崇高、劳动最伟大、劳动最美丽的观念;体会劳动创造美好生活,体认劳动不分贵贱,热爱劳动,尊重普通劳动者,培养勤俭、奋斗、创新、奉献的劳动精神。本书可作为高等院校劳动教育的教材,也可作为相关教育工作者的参考用书。
●
相关链接 在E读中查询图书 在五车中查询图书 在当当中查询图书 在豆瓣中查询图书


正题名:大学生劳动教育理论与实践教程     索取号:G40-015/1237         预约/预借

序号 登录号 条形码 馆藏地/架位号 状态 备注
1 1302962   213029621   第一样本阅览室/ [索取号:G40-015/1237] 在馆    
2 1302963   213029630   第四借阅区/ [索取号:G40-015/1237] 在馆    
3 1302964   213029649   第四借阅区/ [索取号:G40-015/1237] 在馆    
4 1302965   213029658   第四借阅区/ [索取号:G40-015/1237] 在馆    
唐山师范学院图书馆 欢迎您!
大连网信软件有限公司© 版权所有